Bước cải tiến đặc biệt từ word 2003 đến word 2007 T.1

Bước cải tiến đặc biệt từ word 2003 đến word 2007' trình bày tổng thể giao diện mới của Word 2007, hướng dẫn những chương mục khái quát và thao tác cơ bản của Word 2003 và Word 2007, mở ra một hướng mới trong phong cách và giao diện....

詳細記述

保存先:
書誌詳細
第一著者: Nguyễn Văn Huân
フォーマット: 図書
言語:Undetermined
出版事項: H. Thanh Niên 2008
主題:
オンライン・アクセス:http://lrc.tdmu.edu.vn/opac/search/detail.asp?aID=2&ID=7793
タグ: タグ追加
タグなし, このレコードへの初めてのタグを付けませんか!
Thư viện lưu trữ: Trung tâm Học liệu Trường Đại học Thủ Dầu Một
LEADER 01022nam a2200217Ia 4500
001 TDMU_7793
008 210410s9999 xx 000 0 und d
082 |a 005.52 
090 |b NG527 
100 |a Nguyễn Văn Huân 
245 0 |a Bước cải tiến đặc biệt từ word 2003 đến word 2007 
245 0 |c Nguyễn Văn Huân 
245 0 |n T.1 
260 |a H. 
260 |b Thanh Niên 
260 |c 2008 
300 |a 327tr. 
520 |a Bước cải tiến đặc biệt từ word 2003 đến word 2007' trình bày tổng thể giao diện mới của Word 2007, hướng dẫn những chương mục khái quát và thao tác cơ bản của Word 2003 và Word 2007, mở ra một hướng mới trong phong cách và giao diện. 
650 |a Tin học văn phòng; Microsoft Word  
856 |u http://lrc.tdmu.edu.vn/opac/search/detail.asp?aID=2&ID=7793 
980 |a Trung tâm Học liệu Trường Đại học Thủ Dầu Một